00322nam a2200109Ia 4500008004100000245007300041260004900114260000900163300001000172500001400182650001600196170224s9999 xx 000 0 und d aAge and gender differences in self-esteem—A cross-cultural window. bJournal of Personality and Social Psychology c2016 a111:3 aSeptember xPsychology.